Μορφές λεκτικής επικοινωνίας στην προσχολική ηλικία : το παράδειγμα του νηπιαγωγείου Αγίας Μαρίνας Κάσου = Types of verbal communication in preschool education : the case of kindergarden of Saint Marina of Kasos island-Greece ; διπλωματική εργασία [πτυχιακή εργασία]

Αποθηκεύτηκε σε:
Λεπτομέρειες βιβλιογραφικής εγγραφής
Κύριος συγγραφέας: Κυριάκου, Μαρίνα Γ.
Συγγραφή απο Οργανισμό/Αρχή: Πανεπιστήμιο Αιγαίου Σχολή Ανθρωπιστικών Επιστημών Τμήμα Επιστημών της Προσχολικής Αγωγής και του Εκπαιδευτικού Σχεδιασμού
Μορφή: Thesis Βιβλίο
Γλώσσα:Greek
Δημοσίευση: 2015.
Θέματα:
Διαθέσιμο Online:http://hdl.handle.net/11610/7561
Ετικέτες: Προσθήκη ετικέτας
Δεν υπάρχουν, Καταχωρήστε ετικέτα πρώτοι!

MARC

LEADER 00000cam a2200000 a 4500
001 1/107631
008 150723s2015####gr | ||| |||| ||gre||
040 |a GR-MyUa  |b gre  |c GR-MyUa  |e AACR2 
041 0 |a gre 
082 7 |a 153.6   |2 (23) 
100 1 |a Κυριάκου, Μαρίνα Γ. 
245 1 0 |a Μορφές λεκτικής επικοινωνίας στην προσχολική ηλικία :   |b το παράδειγμα του νηπιαγωγείου Αγίας Μαρίνας Κάσου = Types of verbal communication in preschool education : the case of kindergarden of Saint Marina of Kasos island-Greece ; διπλωματική εργασία [πτυχιακή εργασία] /   |c Κυριάκου Μαρίνα ; επιβλέπων καθηγητής Σταμάτης Παναγιώτης.  
260 |c 2015.  
300 |a 135 σ. :   |b διάγρ. ;   |c 30 εκ.  
502 |a Πτυχιακή εργασία – Πανεπιστήμιο Αιγαίου, Ρόδος, 2015. 
504 |a Βιβλιογραφία: σ. 115-118.  
506 1 |a Πλήρες κείμενο - ελεύθερη δημοσίευση - κλειδωμένη η δυνατότητα αντιγραφής.  
650 0 |a Communication in education. 
650 0 |a Nonverbal communication in education. 
650 0 |a Body language. 
650 0 |a Education, Preschool  |z Greece  |z Kasos. 
650 0 |a Teacher-student relationships. 
700 1 |a Σταμάτης, Παναγιώτης Ι.,   |d 1967-  |e dgs 
710 2 |a Πανεπιστήμιο Αιγαίου  |b Σχολή Ανθρωπιστικών Επιστημών  |b Τμήμα Επιστημών της Προσχολικής Αγωγής και του Εκπαιδευτικού Σχεδιασμού. 
852 |a INST  |b RHODES  |c DIATR  |e 20150723  |h 153.6 ΚΥΡ  |p 005400037905  |q 005400037905  |t DIE  |y 23 
856 |u http://hdl.handle.net/11610/7561 
924 |a Κυριάκου   |b Μαρίνα Γ   |y Ρόδος  |z 2015-07  
970 |z 23-07-2015